LEADER 02033nam0 2200469 i 450 001 VAN0126755 005 20230626125952.499 017 70$2N$a9783030203740 100 $a20200214d2019 |0itac50 ba 101 $aeng 102 $aCH 105 $a|||| ||||| 200 1 $aBusiness Statistics for Competitive Advantage with Excel 2019 and JMP$ebasics, model building, simulation and cases$fCynthia Fraser 210 $aCham$cSpringer$d2019 215 $axii, 417 p.$cill.$d24 cm 500 1$3VAN0236703$aBusiness Statistics for Competitive Advantage with Excel 2019 and JMP$91668182 606 $a62-XX$xStatistics [MSC 2020]$3VANC022998$2MF 606 $a62P20$xApplications of statistics to economics [MSC 2020]$3VANC026444$2MF 606 $a62P05$xApplications of statistics to actuarial sciences and financial mathematics [MSC 2020]$3VANC030682$2MF 610 $aBusiness statistics$9KW:K 610 $aConjoint Analysis$9KW:K 610 $aExcel$9KW:K 610 $aExcel 2019$9KW:K 610 $aFinancial statistics$9KW:K 610 $aForecasting$9KW:K 610 $aInference$9KW:K 610 $aJMP$9KW:K 610 $aNonlinear regression$9KW:K 610 $aRegression Modeling$9KW:K 610 $aSimulation$9KW:K 610 $aStatistics for business$9KW:K 620 $aCH$dCham$3VANL001889 700 1$aFraser$bCynthia$3VANV088590$0475288 712 $aSpringer $3VANV108073$4650 801 $aIT$bSOL$c20240614$gRICA 856 4 $uhttp://doi.org/10.1007/978-3-030-20374-0$zE-book ? Accesso al full-text attraverso riconoscimento IP di Ateneo, proxy e/o Shibboleth 899 $aBIBLIOTECA DEL DIPARTIMENTO DI MATEMATICA E FISICA$1IT-CE0120$2VAN08 912 $fN 912 $aVAN0126755 950 $aBIBLIOTECA DEL DIPARTIMENTO DI MATEMATICA E FISICA$d08CONS e-book 1529 $e08eMF1529 20200214 996 $aBusiness Statistics for Competitive Advantage with Excel 2019 and JMP$91668182 997 $aUNICAMPANIA LEADER 01855nam2 2200469 i 450 001 VAN0056217 005 20231130014543.494 010 $a978-35-401-0633-3 100 $a20061116d1982 |0itac50 ba 101 $aeng 102 $aDE 105 $a|||| ||||| 200 0 $a3. / B. Huppert, N. Blackburn 210 $aBerlin$cSpringer$d1982 215 $aVIII, 454 p.$d24 cm 410 1$1001VAN0024107$12001 $aGrundlehren der mathematischen Wissenschaften$eA series of comprehensive texts in mathematics$1210 $aBerlin [etc.]$cSpringer$v243 461 1$1001VAN0056216$12001 $aFinite groups$fB. Huppert, N. Blackburn$1210 $aBerlin$cSpringer$d1982$1215 $a3 volumi$d24 cm$v3 606 $a20-XX$xGroup theory and generalizations [MSC 2020]$3VANC019715$2MF 610 $aAutomorphisms$9KW:K 610 $aBoundary Element Methods$9KW:K 610 $aCharacters$9KW:K 610 $aCohomology$9KW:K 610 $aDevelopments$9KW:K 610 $aFinite$9KW:K 610 $aFinite Groups$9KW:K 610 $aFitting$9KW:K 610 $aGroup theory$9KW:K 610 $aGroups$9KW:K 610 $aPresentation$9KW:K 610 $aProofs$9KW:K 610 $aVolume$9KW:K 620 $dBerlin$3VANL000066 700 1$aHuppert$bBertram$3VANV044680$058947 701 1$aBlackburn$bNorman$3VANV044681$042024 712 $aSpringer $3VANV108073$4650 801 $aIT$bSOL$c20240614$gRICA 856 4 $u/sebina/repository/catalogazione/documenti/Huppert, Blackburn - Finite groups III.pdf$zContents 899 $aBIBLIOTECA DEL DIPARTIMENTO DI MATEMATICA E FISICA$1IT-CE0120$2VAN08 912 $aVAN0056217 950 $aBIBLIOTECA DEL DIPARTIMENTO DI MATEMATICA E FISICA$d08PREST 20-XX 1994 $e08 1886 I 20061116 996 $a3.$93644270 997 $aUNICAMPANIA